000 00564nam a2200169Ia 4500
020 _a0195794125(hb)
082 _a176.5
_bSAE
_cN-01,P-146
100 _aFouzia Saeed.
_99517
245 _aTaboo:
_bthe hidden culture of a red light area.
260 _aKarachi:
_bOxford University Press,
_c2001.
300 _a324p. : ill : 22cm.
526 _a0
_b0
_c0
_d176_500000000000000_SAE
650 _aNUST
_96342
650 _aProstitutes -- Lahore (Pakistan) -- Social Life
_937122
650 _aProstitution -- Lahore (Pakistan) -- Social Life
_937123
942 _2ddc
_cBK
999 _c542035
_d542035